Digital telephony (Record no. 3592)

000 -LEADER
fixed length control field 00571nam a2200217 a 4500
001 - CONTROL NUMBER
control field 3592
003 - CONTROL NUMBER IDENTIFIER
control field BD-DhUET
008 - FIXED-LENGTH DATA ELEMENTS--GENERAL INFORMATION
fixed length control field 900501s1991 nyua b 001 0 eng
020 ## - INTERNATIONAL STANDARD BOOK NUMBER
International Standard Book Number 0471620564
040 ## - CATALOGING SOURCE
Original cataloging agency DLC
Transcribing agency DLC
Modifying agency BD-DhUET
082 ## - DEWEY DECIMAL CLASSIFICATION NUMBER
Classification number 623.85
Item number BEL/1991
100 ## - MAIN ENTRY--PERSONAL NAME
Personal name Bellamy, John
245 10 - TITLE STATEMENT
Title Digital telephony
250 ## - EDITION STATEMENT
Edition statement 2nd ed.
260 ## - PUBLICATION, DISTRIBUTION, ETC. (IMPRINT)
Place of publication, distribution, etc. New York
Name of publisher, distributor, etc. John wiley & sons
Date of publication, distribution, etc. 1991
300 ## - PHYSICAL DESCRIPTION
Extent xix, 572 p.
Other physical details ill.
Dimensions 25 cm.
490 ## - SERIES STATEMENT
Series statement Wiley Series in telecommunications
504 ## - BIBLIOGRAPHY, ETC. NOTE
Bibliography, etc Includes bibliographies
650 #0 - SUBJECT ADDED ENTRY--TOPICAL TERM
Topical term or geographic name as entry element Digital telephony
942 ## - ADDED ENTRY ELEMENTS (KOHA)
Koha item type General Book
Holdings
Lost status Source of classification or shelving scheme Not for loan Koha full call number Sublocation or collection (holding branch) Price effective from Location (home branch) Koha date last seen Copy number Shelving location Withdrawn status Koha date last borrowed Piece designation (barcode) Date acquired Damaged status Koha issues (times borrowed) Koha item type Koha normalized classification for sorting
   623.85/BEL/1991Central Library, BUET2014-11-02Central Library, BUET2016-02-061Circulation section 2015-10-10836182014-11-02 2General Book623_000000000000000_85BEL1991
   623.85/BEL/1991Central Library, BUET2014-11-02Central Library, BUET2017-08-262Circulation section  836202014-11-02  General Book623_000000000000000_85BEL1991
   623.85/BEL/1991Central Library, BUET2014-11-02Central Library, BUET2017-08-163Circulation section  836232014-11-02  General Book623_000000000000000_85BEL1991
   623.85/BEL/1991Central Library, BUET2014-11-02Central Library, BUET2024-02-204Circulation section 2023-03-07863392014-11-02 2General Book623_850000000000000_BEL_1991
   623.85/BEL/1991Central Library, BUET2015-07-01Central Library, BUET2015-07-015Reading section  875942015-07-01  Reading Item623_850000000000000_BEL_1991
   623.85 BEL/1991Central Library, BUET2024-12-09Central Library, BUET2024-12-09ক-১Rental section  835631992-06-06  Rental Item623_850000000000000_BEL_1991
   623.85 BEL/1991Central Library, BUET2024-12-09Central Library, BUET2024-12-09ক-২Rental section  835641992-06-06  Rental Item623_850000000000000_BEL_1991
   623.85 BEL/1991Central Library, BUET2024-12-09Central Library, BUET2024-12-09ক-৩Rental section  835651992-06-06  Rental Item623_850000000000000_BEL_1991
   623.85 BEL/1991Central Library, BUET2024-12-09Central Library, BUET2024-12-09ক-৪Rental section  835661992-06-06  Rental Item623_850000000000000_BEL_1991
   623.85 BEL/1991Central Library, BUET2024-12-09Central Library, BUET2024-12-09ক-৫Rental section  835671992-06-06  Rental Item623_850000000000000_BEL_1991
   623.85 BEL/1991Central Library, BUET2024-12-09Central Library, BUET2024-12-09ক-৬Rental section  835681992-06-06  Rental Item623_850000000000000_BEL_1991
   623.85 BEL/1991Central Library, BUET2024-12-09Central Library, BUET2024-12-09ক-৭Rental section  835691992-06-06  Rental Item623_850000000000000_BEL_1991
   623.85 BEL/1991Central Library, BUET2024-12-09Central Library, BUET2024-12-09ক-৮Rental section  835701992-06-06  Rental Item623_850000000000000_BEL_1991
   623.85 BEL/1991Central Library, BUET2024-12-09Central Library, BUET2024-12-09ক-৯Rental section  835711992-06-06  Rental Item623_850000000000000_BEL_1991
   623.85 BEL/1991Central Library, BUET2024-12-09Central Library, BUET2024-12-09ক-১০Rental section  835721992-06-06  Rental Item623_850000000000000_BEL_1991
   623.85 BEL/1991Central Library, BUET2024-12-09Central Library, BUET2024-12-09ক-১১Rental section  835731992-06-06  Rental Item623_850000000000000_BEL_1991
   623.85 BEL/1991Central Library, BUET2024-12-09Central Library, BUET2024-12-09ক-১২Rental section  835741992-06-06  Rental Item623_850000000000000_BEL_1991
   623.85 BEL/1991Central Library, BUET2024-12-09Central Library, BUET2024-12-09ক-১৩Rental section  835751992-06-06  Rental Item623_850000000000000_BEL_1991
   623.85 BEL/1991Central Library, BUET2024-12-09Central Library, BUET2024-12-09ক-১৪Rental section  835761992-06-06  Rental Item623_850000000000000_BEL_1991
   623.85 BEL/1991Central Library, BUET2024-12-09Central Library, BUET2024-12-09ক-১৫Rental section  835771992-06-06  Rental Item623_850000000000000_BEL_1991